The homecoming /

Bibliographic Details
Main Author: Pinter, Harold, 1930-2008
Corporate Author: Caedmon Records
Other Authors: Cusack, Cyril, 1910-1993, Merchant, Vivian
Format: Cassette Audio Book
Language:English
Published: N.Y., N.Y. : Caedmon, [1973]

MARC

Tag First Indicator Second Indicator Subfields
LEADER 00000cim a2200000 a 4500
001 in00000089406
005 20151008063436.0
007 ss lunjlbnnnu
008 790209s1973 nyunnnn z d 0 eng c
010 |a  73750955  
035 |a (OCoLC)04634313 
035 |9 AAK2238AM 
040 |a UIU  |c UIU  |d m.c.  |d TXA  |d UtOrBLW 
049 |a TXAV 
090 |a PR6066.I53  |b H64 1973 
092 |a 822  |b P657h, 1973 
100 1 |a Pinter, Harold,  |d 1930-2008. 
245 1 4 |a The homecoming /  |c Harold Pinter. 
264 1 |a N.Y., N.Y. :  |b Caedmon,  |c [1973] 
264 4 |c ©1973 
300 |a 2 sound cassettes (96 min.) :  |b 1 7/8 ips. 
306 |a 013600 
336 |a spoken word  |b spw  |2 rdacontent 
337 |a audio  |b s  |2 rdamedia 
338 |a audiocassette  |b ss  |2 rdacarrier 
500 |a Caedmon: CDL 5361. 
500 |a Program notes in container. 
500 |a Directed by Peter Hall. 
511 1 |a Cyril Cusack, Vivian Merchant. 
500 |a Sound recording. 
700 1 |a Cusack, Cyril,  |d 1910-1993. 
700 1 |a Merchant, Vivian. 
710 2 |a Caedmon Records. 
999 |a MARS 
999 f f |s e345961c-a095-31e5-b6be-84ef5bbb88e8  |i 457396c1-b200-37ec-898e-6126d6eb664c  |t 0 
952 f f |p ric  |a Texas A&M University  |b Rellis Campus  |c Joint Library Facility  |d Remote Storage  |t 0  |e PR6066.I53 H64 1973  |h Library of Congress classification  |i audio -- audiocassette  |m A14806058163 
998 f f |a PR6066.I53 H64 1973  |t 0  |l Remote Storage